| 000 | nam a22 7a 4500 | ||
|---|---|---|---|
| 999 |
_c21021 _d21021 |
||
| 008 | 170120b xxu||||| |||| 00| 0 eng d | ||
| 050 |
_aNA730 _b.M6M5 1952 |
||
| 100 | _aTorbert,Donald R. | ||
| 245 |
_aA century of Minnesota architecture. Organized by the Minneapolis Institue of Arts as a contribution to the Minnesota Statehood Centennial for showings at the Minneapolis Institute of Arts, Rochester Art Center, Winona County Art Committee, the Saint Paul Gallery and School of Art, Tweed Gallery of the University of Minnesota, Duluth Branch./ _cDonald R. Torbert |
||
| 260 |
_aMinneapolis : _b Minneapolis Society of Fine Arts, _cc1952 |
||
| 300 |
_a78p. : _bill. ; _c26cm. |
||
| 650 | _a Architecture. | ||
| 942 |
_2lcc _cBOOKS _hNA730 .M6M5 1952 |
||